000 00536nam a2200193Ia 4500
005 20250508155537.0
008 008 250505s9999 xx 000 0 eng d
037 _aTextual
040 _aFEDL
_beng
_cFEDL
041 _aeng
_2eng
084 _a370.946, DOH
_qFEDL
100 _aDoherty Ellen M
_9764114
245 0 _aEducation in Spain
260 _aWashington, USA
_bU.S. Government Printing Office
_c1966
300 _a36p.
650 _aEducation
942 _cTEXL
_h370.946, DOH
999 _c1357606
_d1357606